Cargando...
Keeping livestock healthy : yearbook of agriculture 1942
| Formato: | Printed Book |
|---|---|
| Lenguaje: | Undetermined English |
| Materias: |
| LEADER | 00629nam a2200169Ia 4500 | ||
|---|---|---|---|
| 008 | 140306s9999 xx 000 0 und d | ||
| 041 | |a eng | ||
| 082 | |a 630.5 |b YEA | ||
| 245 | |a Keeping livestock healthy : yearbook of agriculture 1942 | ||
| 300 | |a 1271 | ||
| 310 | |a VS department of agriculture | ||
| 400 | |b United states department of agricutlure | ||
| 650 | |a diseasse - insect control | ||
| 650 | |a Keeping livestock healthy - yearbook - agriculture | ||
| 942 | |2 ddc |c BK | ||
| 999 | |c 67318 |d 67318 | ||
| 952 | |0 0 |1 0 |2 ddc |4 0 |6 630_500000000000000_YEA |7 0 |9 73664 |a KAUACV |b KAUACV |d 2004-05-29 |o 630.5 YEA |p KAU_ACV-15667 |r 2014-03-22 |w 2014-03-22 |y BK | ||